Vista normal
Vista MARC
Entrada Meeting Name
Número de registros utilizados en: 1
001 - CONTROL NUMBER
- control field: 37006
003 - CONTROL NUMBER IDENTIFIER
- control field: OSt
005 - DATE AND TIME OF LATEST TRANSACTION
- control field: 20210420120011.0
008 - FIXED-LENGTH DATA ELEMENTS
- fixed length control field: 210420|| aca||aabn | a|a d
040 ## - CATALOGING SOURCE
- Original cataloging agency: OSt
- Transcribing agency: OSt
111 ## - HEADING--MEETING NAME
- Meeting name or jurisdiction name as entry element: Jornadas Latinoamericanas de Derecho Tributario
- Number of part/section/meeting: (9a :
- Date of meeting or treaty signing: 1979 :
- Location of meeting: Asunción Paraguay)
670 ## - SOURCE DATA FOUND
- Source citation: Work cat.: (OSt)7588: 14867, IX Jornadas latinoamericanas de Derecho Tributario / , 1979